000 00396nam a2200169 a 4500
001 7139
003 CO-ViMGA
008 141112s2004 ck r 000 u spa d
040 _aCO-ViMGA
_bspa
_cCO-ViMGA
082 0 4 _a513.028 R615
100 1 _aRobles, Ignacio I
_96249
245 1 0 _aEl abaco
260 _aMexico :
_bTrillas,
_c1991
300 _a57 p
650 1 4 _aABACO
_96250
942 _2ddc
_cBK
999 _c19104
_d19104